Η ιστορία της Πρέβεζας
Αποθηκεύτηκε σε:
| Άλλοι συγγραφείς: | |
|---|---|
| Μορφή: | Βιβλίο |
| Γλώσσα: | Greek |
| Δημοσίευση: |
Πρέβεζα :
Δήμος Πρέβεζας,
1993
|
| Θέματα: | |
| Ετικέτες: |
Προσθήκη ετικέτας
Δεν υπάρχουν, Καταχωρήστε ετικέτα πρώτοι!
|
MARC
| LEADER | 00000cam a2200000 i 4500 | ||
|---|---|---|---|
| 001 | 1/15033 | ||
| 008 | 980513s1993 gr | ||| |||| ||gre|| | ||
| 035 | |1 ΠΑΡ |a 1997 |l 10019654 | ||
| 040 | |a GR-MY-UA |b gre |e aacr | ||
| 041 | 0 | |a gre | |
| 082 | 0 | |a 938.492 | |
| 245 | 1 | 2 | |a Η ιστορία της Πρέβεζας / |c Επιμέλεια: Βαγγέλης Γρ. Αυδίκος |
| 260 | |a Πρέβεζα : |b Δήμος Πρέβεζας, |c 1993 | ||
| 300 | |a 282 σ. |b εικ.; χαρτ. | ||
| 500 | |a Πρακτικά 1ου διεθνούς επιστημονικού συνεδρίου (Πρέβεζα 22-24 Σεπτεμβρίου 1989) | ||
| 504 | |a Περιλαμβάνει βιβλιογραφικές αναφορές | ||
| 651 | 0 | |a Preveza (Greece) |x History. | |
| 700 | 1 | |4 edt |a Αυδίκος, Ευάγγελος Γρ., |d 1951- | |
| 852 | |a INST |b LESVOS |e 19980513 |h 938.492 ΙΣΤ |p 005100014842 |q 005100014842 |t BK |y 0 | ||
| 909 | |a Λ |b 056388 | ||
| 970 | |z 2000/05/ΟΙΚΟΝΟΜΟΠΟΥΛΟΥ ΧΡΙΣΤΙΝΑ | ||